| 000 | 00786nam a2200265 u 4500 | ||
|---|---|---|---|
| 005 | 20230511063604.0 | ||
| 008 | 200122s2017 mx a r 000 0 spa d | ||
| 020 | _a9786074576771 | ||
| 035 | _aUPN01000235056 | ||
| 040 |
_aMX-MxUPN _bspa _cMX-MxUPN |
||
| 041 | 0 | _aspa | |
| 050 | 4 |
_aPQ7298.28 U8 _bA37 2017 |
|
| 100 | 1 |
_aRuvalcaba, Eusebio, _d1951-2017 _932647 |
|
| 245 | 1 | 0 | _aAdrenalina |
| 250 | _aPrimera edición | ||
| 260 |
_aCiudad de México : _bLectorum, _c2017. |
||
| 300 |
_a168 páginas : _bilustraciones a color |
||
| 650 | 2 |
_911486 _aConducta sexual _vNovela |
|
| 650 | 2 |
_910081 _aErotismo |
|
| 700 | 1 |
_aNúñez Pérez, Celestino, _d1973- _eilustraciones _948379 |
|
| 902 | _bNoemiAcosta/170323 | ||
| 905 | _aLibro | ||
| 942 |
_n0 _2lcc _cLIBRO |
||
| 999 |
_c207151 _d207151 |
||